| 000 | 01118nam a2200313 a 4500 | ||
|---|---|---|---|
| 001 | 000115672 | ||
| 003 | CHAP | ||
| 005 | 20220329144544.0 | ||
| 008 | 190620s2018 mx a sm |||||||spa d | ||
| 010 | _a112133 | ||
| 011 | _a113105 | ||
| 040 | _cCHAP | ||
| 090 | _aTesis | ||
| 100 | 1 |
_aRoldán Carrera, Jonathan. _9136247 |
|
| 245 | 1 | 0 |
_aInventario de ornitofauna en el ejido El Refugio, Poanas, Durango / _h[En línea] _cpor Jonathan Roldán Carrera. |
| 260 |
_aChapingo, Méx. : _bEl autor, _c2018. |
||
| 500 | _aPara ver el contenido del material haga clic en la liga | ||
| 502 | _aTesis (Ing. en Sistemas Agrícolas) -- UACH. Unidad Regional Universitaria de Zonas Áridas | ||
| 590 |
_aBATCH-UPD _b05 _c20190620 _lUCH01 _h1509 |
||
| 590 |
_aE8697GMM _b05 _c20190620 _lUCH01 _h1509 |
||
| 590 |
_aE8697GMM _b05 _c20190620 _lUCH01 _h1511 |
||
| 650 | 1 | 4 |
_aAves _xClasificación. _98598 |
| 650 | 1 | 4 |
_aAves _xConservación _zDurango. _9134797 |
| 650 | 1 | 4 |
_aAves _xIdentificación. _98612 |
| 856 |
_aFinding aid _uhttp://10.13.5.2/tesis/sist115672.pdf _zTeclea aquí |
||
| 901 | _aBK | ||
| 942 | _cTESIS | ||
| 942 | _n0 | ||
| 999 |
_c112133 _d112133 |
||